Cherry - Harry Styles (All Lyrics) - Statistics

General Stats
  • This quiz has been taken 140 times
  • The average score is 137 of 161
Answer Stats
Lyrics % Correct
him
99%
don't
98%
I,
98%
I
98%
me
98%
to
98%
what
98%
you
98%
a
96%
à
96%
baby
96%
call
96%
la
96%
not
96%
talk
96%
used
96%
lately
95%
talking
95%
we're
95%
he
93%
that
91%
your
91%
and
90%
dress
90%
in
90%
it
90%
take
90%
how
89%
miss
89%
of
89%
piece
89%
there's
89%
as
88%
does
88%
friends
88%
just
88%
compliment
86%
gallery?
86%
his
86%
know
86%
still
85%
them?
85%
can
84%
i'm
84%
parents'
84%
at
83%
tell
83%
accent
81%
best
81%
confess
81%
noticed
81%
so
81%
did
80%
hating
80%
selfish
78%
are
77%
round
77%
walking
75%
oh,
49%
coucou,
44%
tu
37%
plage
36%
non
35%
dors?
31%
et
28%
c'est
27%
désolée
27%
pas
26%
maintenant
23%
j'suis
21%
parfait,
21%
bah
20%
allez
17%
nan,
15%
ouais,
14%
marrant
11%
t'es
11%
No matching quizzes found
Score Distribution
Percent of People with Each Score
Percentile by Number Answered
Your Score History
You have not taken this quiz